000 00518nam a2200157 i 4500
001 28941
003 ES-MaACL
005 20230906153944.0
007 t|
008 030120s1922 gr ||||1| fre d
100 1 _aBaltazzi, M. G.
_925127
245 1 4 _aLes atrocités turques en Asie Mineure et dans le Pont /
_cdiscours de M. G. Baltazzi ministre des affaires étranyéres devant la III Asamblée Nationale des hellénes.
260 _aAthénes :
_b[s.n.],
_c1922.
300 _a1 v.
852 _aES-MaACL
_j1637-F-17
999 _c28941
_d28941